000 00706nam a2200241 a 4500
999 _c7727
_d7727
001 7727
003 BD-JhCC
005 20180224110555.0
008 180127s1995 bg |||| ||a| 000 0 ben d
020 _a9844013038
035 _a(BD-JhCC) 7727
040 _aBD-JhCC
_dBD-JhCC
041 _aben
082 _a917
_bAHM 1995
100 _aআহমদ, মনজুর
245 _aমাভৈঃ নিউইয়র্ক /
_bমনজুর আহমদ
260 _aঢাকা :
_bআগামী প্রকাশীি ,
_c১৯৯৫.
300 _a৭০ পৃ :
_c২২ সেমি.
650 _aNew York
650 _aTravel
942 _2ddc
_cBK